[Event "Druga liga Srbije grupa Vojvod"]
[Site "Sombor"]
[Date "2009.10.02"]
[Round "9.1"]
[White "Elez, Nikola"]
[Black "Jotic, Vladimir"]
[Result "1-0"]
[WhiteElo "2179"]
[BlackElo "2323"]
[PlyCount "59"]
[EventDate "2009.09.27"]

1. e4 c5 2. b3 Nc6 3. Bb2 e5 4. Bc4 Nf6 5. Nc3 g6 6. f4 d6 7. Nf3 Bg7 8. O-O
O-O 9. fxe5 dxe5 10. d3 Nh5 11. Nd5 Kh8 12. Qd2 a6 13. a4 Rb8 14. a5 Nd4 15.
Nxd4 exd4 16. Ba3 Qd6 17. b4 Be5 18. g3 Bh3 19. bxc5 Qd7 20. Rf3 Qg4 21. Qf2 f5
22. Bb2 Rfe8 23. Nf4 fxe4 24. dxe4 Nf6 25. Bxd4 Nxe4 (25... Qxf3 26. Qxf3 Bxd4+
27. Kh1 Bxa1 28. Nxh3 Nxe4) 26. Bxe5+ Rxe5 27. Qd4 Rbe8 28. Be6 R8xe6 29. Nxe6
Qxf3 30. Qd8+ 1-0

[Event "Druga liga Srbije grupa Vojvod"]
[Site "Sombor"]
[Date "2009.10.02"]
[Round "9.1"]
[White "Tokovic, Svetozar"]
[Black "Indjic, Aleksandar"]
[Result "0-1"]
[WhiteElo "2236"]
[BlackElo "2119"]
[PlyCount "46"]
[EventDate "2009.09.27"]

1. e4 d6 2. d4 Nf6 3. Nc3 e5 4. Nf3 Nbd7 5. Bc4 Be7 6. O-O O-O 7. a4 c6 8. Re1
Qc7 9. a5 Rb8 10. d5 b5 11. axb6 Nxb6 12. Bb3 cxd5 13. exd5 Bd7 14. Qd3 h6 15.
Nd2 Rfc8 16. Nde4 Nxe4 17. Qxe4 f5 18. Qxe5 Re8 19. Qd4 Bf6 20. Rxe8+ Rxe8 21.
Qd1 Nc4 22. Bxc4 Qxc4 23. Qf1 Qxf1+ 0-1

[Event "Druga liga Srbije grupa Vojvod"]
[Site "Sombor"]
[Date "2009.10.02"]
[Round "9.1"]
[White "Pezelj, Sinisa"]
[Black "Strangar, Zlatko"]
[Result "1-0"]
[WhiteElo "2057"]
[BlackElo "2192"]
[PlyCount "107"]
[EventDate "2009.09.27"]

1. Nf3 Nf6 2. c4 g6 3. Nc3 Bg7 4. d4 d6 5. g3 O-O 6. Bg2 Nbd7 7. O-O e5 8. e3
Re8 9. b4 Qe7 10. a4 Nf8 11. Ba3 e4 12. Nd2 Bf5 13. Rc1 h5 14. Nd5 Nxd5 15.
cxd5 Nh7 16. Rc3 Nf6 17. Qb3 Rac8 18. b5 Qd7 19. Rfc1 b6 20. Rc6 Qd8 21. Qc4
Re7 22. Bxd6 cxd6 23. Rxc8 Qxc8 24. Qxc8+ Bxc8 25. Rxc8+ Bf8 26. h3 Kg7 27. Rc6
Nxd5 28. Rxd6 Nc3 29. Rc6 Nxa4 30. Bxe4 Rd7 31. Nc4 f6 32. Bxg6 h4 33. Bf5 Rd5
34. Rc7+ Kh8 35. Rh7+ Kg8 36. Be6+ Kxh7 37. Bxd5 hxg3 38. fxg3 Nc3 39. Bc6 Kg6
40. Kf2 Kf5 41. Kf3 Ke6 42. h4 f5 43. h5 Bg7 44. g4 fxg4+ 45. Kxg4 Bh6 46. e4
Ne2 47. d5+ Kf7 48. Nd6+ Kf6 49. Nf5 Bd2 50. d6 Nf4 51. h6 Kg6 52. d7 Ne6 53.
Bd5 Nd8 54. e5 1-0

[Event "Druga liga Srbije grupa Vojvod"]
[Site "Sombor"]
[Date "2009.10.02"]
[Round "9.1"]
[White "Ivanovic, Miroslav"]
[Black "Subotic, Srbislav"]
[Result "1-0"]
[WhiteElo "2180"]
[BlackElo "2105"]
[PlyCount "75"]
[EventDate "2009.09.27"]

1. c4 Nf6 2. Nc3 e5 3. Nf3 Nc6 4. g3 d5 5. cxd5 Nxd5 6. Bg2 Be6 7. O-O Be7 8.
d4 exd4 9. Nxd4 Nxd4 10. Qxd4 Nxc3 11. Qxc3 Bf6 12. Qb4 Qe7 13. Qxb7 O-O 14.
Qa6 Rab8 15. Qxa7 Bxb2 16. Bxb2 Rxb2 17. a4 Rxe2 18. a5 Qd6 19. a6 Bd5 20. Rfd1
c6 21. Qb6 Qd7 22. a7 Ra8 23. Qc5 g6 24. Bxd5 cxd5 25. Rxd5 Qb7 26. Qd4 Ree8
27. Rd7 Qf3 28. Qb6 h5 29. h4 Qc3 30. Rad1 Qf3 31. Rd8 Kh7 32. R8d7 Kg7 33. Qb7
Qf5 34. R1d4 Kg8 35. Kg2 Qe5 36. Rf4 f5 37. Rh7 Rf8 38. Rc4 1-0

[Event "Druga liga Srbije grupa Vojvod"]
[Site "Sombor"]
[Date "2009.10.02"]
[Round "9.3"]
[White "Svetushkin, Dmitry"]
[Black "Bogosavljevic, Boban"]
[Result "1-0"]
[WhiteElo "2570"]
[BlackElo "2528"]
[PlyCount "57"]
[EventDate "2009.09.27"]

1. d4 d5 2. c4 c6 3. Nc3 Nf6 4. e3 e6 5. Nf3 Nbd7 6. Qc2 Bd6 7. Bd3 O-O 8. O-O
dxc4 9. Bxc4 b5 10. Be2 Bb7 11. Rd1 Qb8 12. e4 e5 13. Bg5 exd4 14. Rxd4 c5 15.
Rd2 Ne5 16. Bxf6 Nxf3+ 17. Bxf3 gxf6 18. g3 b4 19. Nd5 Bxd5 20. Rxd5 Be5 21.
Bg4 Rd8 22. Rad1 Bd4 23. Rh5 Be5 24. Bf5 c4 25. Rxh7 Qb5 26. Qe2 Kf8 27. Rxd8+
Rxd8 28. Qh5 Rd7 29. Qg4 1-0

[Event "Druga liga Srbije grupa Vojvod"]
[Site "Sombor"]
[Date "2009.10.02"]
[Round "9.3"]
[White "Toth, Aleksandar"]
[Black "Djuric, Stefan"]
[Result "1/2-1/2"]
[WhiteElo "2307"]
[BlackElo "2414"]
[PlyCount "67"]
[EventDate "2009.09.27"]

1. e4 e5 2. Nf3 Nc6 3. Bc4 Be7 4. d3 Nf6 5. O-O O-O 6. Re1 d6 7. a4 Nb8 8. c3
c6 9. Bb3 Nbd7 10. Nbd2 Qc7 11. d4 a5 12. Nf1 Re8 13. Ng3 Bf8 14. h3 g6 15. Bg5
Bg7 16. Qd2 Nf8 17. Bh6 Qb6 18. Bxg7 Kxg7 19. Bc2 Qc7 20. Rad1 Ne6 21. Ne2 h6
22. Nh2 Nh5 23. g3 Ng5 24. h4 Nh7 25. g4 N5f6 26. f3 Qe7 27. dxe5 dxe5 28. Qd6
Qxd6 29. Rxd6 Nd7 30. Red1 Nc5 31. Nf1 Be6 32. Ne3 Nf6 33. Nc1 Kf8 34. Nd3
1/2-1/2

[Event "Druga liga Srbije grupa Vojvod"]
[Site "Sombor"]
[Date "2009.10.02"]
[Round "9.3"]
[White "Nestorovic, Nikola"]
[Black "Munizaba, Slobodan"]
[Result "1/2-1/2"]
[WhiteElo "2412"]
[BlackElo "2339"]
[PlyCount "43"]
[EventDate "2009.09.27"]

1. e4 c5 2. Nf3 d6 3. d4 cxd4 4. Nxd4 Nf6 5. Nc3 a6 6. Be3 Ng4 7. Bc1 Nf6 8.
Be2 g6 9. O-O Bg7 10. Bg5 Nc6 11. Nb3 O-O 12. f4 b5 13. a3 Bb7 14. Bf3 Nd7 15.
Qe1 Nc5 16. Nxc5 Qb6 17. Kh1 Qxc5 18. Qh4 f6 19. Bh6 Nd4 20. Bxg7 Kxg7 21. Rae1
e5 22. Bd1 1/2-1/2

[Event "Druga liga Srbije grupa Vojvod"]
[Site "Sombor"]
[Date "2009.10.02"]
[Round "9.3"]
[White "Krstic, Petar"]
[Black "Kosanovic, Goran A"]
[Result "1/2-1/2"]
[WhiteElo "2333"]
[BlackElo "2371"]
[PlyCount "22"]
[EventDate "2009.09.27"]

1. e4 d5 2. exd5 Qxd5 3. Nc3 Qd8 4. d4 Nf6 5. Nf3 Bg4 6. Be2 c6 7. h3 Bxf3 8.
Bxf3 e6 9. Bf4 Bd6 10. Bxd6 Qxd6 11. O-O Nbd7 1/2-1/2

[Event "Druga liga Srbije grupa Vojvod"]
[Site "Sombor"]
[Date "2009.10.02"]
[Round "9.3"]
[White "Klasan, Vladimir"]
[Black "Stajic, Petar"]
[Result "1/2-1/2"]
[WhiteElo "2320"]
[BlackElo "2193"]
[PlyCount "87"]
[EventDate "2009.09.27"]

1. e4 c5 2. b3 Nc6 3. Nf3 d6 4. Bb2 Nf6 5. Nc3 e6 6. Bb5 Bd7 7. O-O Qc7 8. Re1
a6 9. Bxc6 Bxc6 10. d4 cxd4 11. Nxd4 Be7 12. Qd3 O-O 13. Qg3 Rfe8 14. Rad1 e5
15. Nf5 g6 16. Nxe7+ Rxe7 17. Bc1 Ne8 18. Re2 b5 19. h4 b4 20. Nd5 Bxd5 21.
Rxd5 Nf6 22. Rd1 Re6 23. Qd3 Qb7 24. Bg5 Rc8 25. Bxf6 Rxf6 26. c4 Re6 27. h5
Rf8 28. Qd5 Qxd5 29. cxd5 Re7 30. Rc1 Ra7 31. hxg6 hxg6 32. Rc6 Rd8 33. Rec2
Kf8 34. Rc7 Raa8 35. Rb7 Rdc8 36. Rxc8+ Rxc8 37. Ra7 Rc1+ 38. Kh2 Rc2 39. Rxa6
Rxf2 40. Ra4 f5 41. Rxb4 Rxa2 42. exf5 gxf5 43. Rb6 Ke7 44. Rb7+ 1/2-1/2

[Event "Druga liga Srbije grupa Vojvod"]
[Site "Sombor"]
[Date "2009.10.02"]
[Round "9.3"]
[White "Donevski, Darko"]
[Black "Nestorovic, Lazar"]
[Result "0-1"]
[WhiteElo "2140"]
[BlackElo "2259"]
[PlyCount "48"]
[EventDate "2009.09.27"]

1. e4 c5 2. Nf3 e6 3. d4 cxd4 4. Nxd4 Nf6 5. Nc3 d6 6. Bc4 a6 7. Bb3 Nbd7 8.
O-O Nc5 9. f4 Be7 10. Qe2 O-O 11. Kh1 Qc7 12. e5 Nxb3 13. axb3 dxe5 14. fxe5
Nd5 15. Rf3 Qc5 16. Ra4 Bd7 17. Ne4 Qc7 18. Rg3 Bxa4 19. Qh5 g6 20. bxa4 Kh8
21. Bh6 Rg8 22. Ng5 Bf8 23. Qf3 Bxh6 24. Nxf7+ Qxf7 0-1

[Event "Druga liga Srbije grupa Vojvod"]
[Site "Sombor"]
[Date "2009.10.02"]
[Round "9.4"]
[White "Vujadinovic, Goran"]
[Black "Bodiroga, Predrag"]
[Result "0-1"]
[WhiteElo "2367"]
[BlackElo "2410"]
[PlyCount "94"]
[EventDate "2009.09.27"]

1. g3 d5 2. Bg2 Nf6 3. d3 e5 4. Nf3 Bd6 5. O-O O-O 6. Nc3 c6 7. e4 dxe4 8. Nxe4
Nxe4 9. dxe4 Qc7 10. Nd2 Be6 11. Re1 Na6 12. a4 Rfd8 13. Bf1 Nc5 14. a5 Be7 15.
Qf3 Bg5 16. Qc3 Qe7 17. f4 exf4 18. Nf3 Bh6 19. gxf4 g6 20. f5 Bg7 21. Qa3 Bd7
22. Bg5 f6 23. Be3 Bf8 24. Bc4+ Kh8 25. Bd4 gxf5 26. exf5 Qg7+ 27. Kh1 Ne6 28.
fxe6 Bxa3 29. bxa3 c5 30. Rg1 Qe7 31. Ne5 cxd4 32. Nf7+ Qxf7 33. exf7 Bc6+ 34.
Rg2 Rac8 35. Bb3 d3 36. cxd3 Rxd3 37. Be6 Rcd8 38. h4 Rg3 39. Raa2 Rxg2 40.
Rxg2 Bxg2+ 41. Kxg2 Kg7 42. h5 h6 43. Kf2 Rd6 44. Bc4 Rd4 45. Be6 Ra4 46. Bc8
Kxf7 47. Bxb7 Rxa5 0-1

[Event "Druga liga Srbije grupa Vojvod"]
[Site "Sombor"]
[Date "2009.10.02"]
[Round "9.4"]
[White "Kolognat, Petar"]
[Black "Damjanovic, Dragan"]
[Result "0-1"]
[WhiteElo "2305"]
[BlackElo "2255"]
[PlyCount "152"]
[EventDate "2009.09.27"]

1. e4 c6 2. d4 d5 3. Nd2 dxe4 4. Nxe4 Bf5 5. Ng3 Bg6 6. h4 h6 7. Nh3 e5 8. h5
Bh7 9. Be3 Nf6 10. c3 Bd6 11. dxe5 Bxe5 12. Qxd8+ Kxd8 13. O-O-O+ Kc7 14. f4
Bd6 15. Bc4 Ne4 16. Ne2 Rf8 17. Bd4 f6 18. g4 c5 19. Be3 Nc6 20. Rhe1 Rae8 21.
Bd5 Ng5 22. fxg5 Rxe3 23. Nef4 Rxe1 24. Rxe1 Nd8 25. g6 Bg8 26. Bxg8 Rxg8 27.
Nd5+ Kd7 28. Nhf4 Nc6 29. Nd3 c4 30. Nf2 Bg3 31. Rd1 Kc8 32. Ne4 Be5 33. Kc2
Re8 34. b3 Bb8 35. Re1 cxb3+ 36. axb3 Re5 37. c4 b6 38. Re3 Kd8 39. Nf2 Nb4+
40. Kd1 Nxd5 41. Rd3 Ke7 42. cxd5 f5 43. gxf5 Rxf5 44. Re3+ Kd7 45. Ke2 Rxh5
46. Rf3 Re5+ 47. Kd3 Rxd5+ 48. Kc4 Kc6 49. Rf7 a5 50. Nd3 b5+ 51. Kc3 Rd7 52.
Rf8 Bd6 53. Ra8 Kb6 54. Kc2 Bg3 55. b4 axb4 56. Nxb4 h5 57. Ra6+ Kb7 58. Ra5
Rc7+ 59. Kd3 Rc5 60. Ke2 Re5+ 61. Kf3 h4 62. Nd3 Rg5 63. Nc1 Kb6 64. Ra8 Rxg6
65. Ne2 Be5 66. Rh8 Rf6+ 67. Ke4 Bg3 68. Nc3 Re6+ 69. Kd5 Re7 70. Ne4 Rd7+ 71.
Ke6 Rd4 72. Nc3 b4 73. Nd5+ Kb7 74. Rh7 Re4+ 75. Kf7 Kc6 76. Ne7+ Rxe7+ 0-1

[Event "Druga liga Srbije grupa Vojvod"]
[Site "Sombor"]
[Date "2009.10.02"]
[Round "9.4"]
[White "Vukic, Radivoj"]
[Black "Bogic, Stevan"]
[Result "1/2-1/2"]
[WhiteElo "2350"]
[BlackElo "2256"]
[PlyCount "89"]
[EventDate "2009.09.27"]

1. Nf3 Nf6 2. d4 g6 3. c4 Bg7 4. Nc3 O-O 5. e4 d6 6. Be2 Nbd7 7. Qc2 e5 8. d5
a5 9. h3 Nh5 10. g3 Nc5 11. Bg5 f6 12. Be3 f5 13. O-O-O b6 14. Rdg1 Nf6 15. Nd2
Ncxe4 16. Ndxe4 Nxe4 17. Nxe4 fxe4 18. g4 Bf6 19. Qxe4 Bg5 20. Bd3 Qf6 21. h4
Bxe3+ 22. fxe3 Qf3 23. h5 Qxe4 24. Bxe4 Kg7 25. Rh2 Bd7 26. Kd2 Rab8 27. hxg6
hxg6 28. Rgh1 Rh8 29. Rxh8 Rxh8 30. Rxh8 Kxh8 31. g5 Bf5 32. Bc2 Kg7 33. Ba4
Kf8 34. Kc3 Ke7 35. a3 Kd8 36. Bc6 Kc8 37. b4 axb4+ 38. Kxb4 Kd8 39. a4 Ke7 40.
a5 bxa5+ 41. Kxa5 Bd3 42. Bb5 Be4 43. Ka6 Bf5 44. Kb7 Kd8 45. Kb8 1/2-1/2

[Event "Druga liga Srbije grupa Vojvod"]
[Site "Sombor"]
[Date "2009.10.02"]
[Round "9.5"]
[White "Velickovic, Sasa"]
[Black "Cirjanic, Velibor"]
[Result "1-0"]
[WhiteElo "2420"]
[BlackElo "2186"]
[PlyCount "80"]
[EventDate "2009.09.27"]

1. e4 c5 2. Nf3 d6 3. c3 Nc6 4. h3 Nf6 5. Bd3 e6 6. Bc2 c4 7. O-O Be7 8. b3
cxb3 9. axb3 O-O 10. d4 e5 11. d5 Nb8 12. Be3 b6 13. b4 Qc7 14. Bd3 a6 15. Qb3
Bb7 16. Nbd2 Nbd7 17. Ra3 Rfc8 18. Rc1 a5 19. Rca1 axb4 20. Rxa8 Rxa8 21. Rxa8+
Bxa8 22. cxb4 Bb7 23. Qa4 Qc8 24. Bb5 h6 25. Bc6 Bd8 26. Ne1 Kf8 27. Nd3 Ke7
28. b5 Qb8 29. f4 exf4 30. Bxf4 Bc7 31. Nf3 Kf8 32. Nd4 Bc8 33. Nf5 Ne5 34.
Bxe5 dxe5 35. Qa3+ Kg8 36. d6 Bd8 37. Nxe5 Bxf5 38. exf5 Nh7 39. Bd5 Bf6 40.
Bxf7+ Kf8 1-0

[Event "Druga liga Srbije grupa Vojvod"]
[Site "Sombor"]
[Date "2009.10.02"]
[Round "9.5"]
[White "Pavlovic, Nenad"]
[Black "Andrijevic, Milan"]
[Result "0-1"]
[WhiteElo "2190"]
[BlackElo "2377"]
[PlyCount "104"]
[EventDate "2009.09.27"]

1. e4 c5 2. Nf3 e6 3. d4 cxd4 4. Nxd4 Nc6 5. Nc3 Qc7 6. Be2 a6 7. O-O Nf6 8.
Be3 Bb4 9. Na4 Be7 10. Nxc6 bxc6 11. Nb6 Rb8 12. Nxc8 Qxc8 13. Bd4 c5 14. Be5
Rb6 15. Qd3 O-O 16. b3 d6 17. Bb2 Nd7 18. Rad1 Bf6 19. Ba3 Ne5 20. Qg3 Re8 21.
f4 Ng6 22. Qh3 Qc6 23. Bd3 Rbb8 24. Qh5 Rbd8 25. Kh1 d5 26. f5 dxe4 27. fxg6
hxg6 28. Qxc5 Qxc5 29. Bxc5 exd3 30. Rxd3 Rxd3 31. cxd3 Rd8 32. Rd1 Rd5 33. Bf2
e5 34. Kg1 e4 35. d4 Bg5 36. Kf1 f5 37. g3 Kf7 38. Ke2 Ke6 39. Be3 Bd8 40. Rc1
a5 41. Rc6+ Rd6 42. Rxd6+ Kxd6 43. Bf4+ Kd5 44. Be5 Bf6 45. Bc7 a4 46. bxa4
Bxd4 47. Bf4 Kc4 48. Bd6 g5 49. h3 g6 50. a5 Kb5 51. Be7 f4 52. g4 f3+ 0-1

[Event "Druga liga Srbije grupa Vojvod"]
[Site "Sombor"]
[Date "2009.10.02"]
[Round "9.5"]
[White "Popovic, Milos T"]
[Black "Kotrla, Sebastijan"]
[Result "1-0"]
[WhiteElo "2401"]
[BlackElo "2052"]
[PlyCount "51"]
[EventDate "2009.09.27"]

1. d4 d6 2. c4 Nd7 3. e4 Ngf6 4. Nc3 e5 5. Nge2 Be7 6. g3 O-O 7. Bg2 c6 8. O-O
a6 9. a4 a5 10. h3 Re8 11. Kh2 Bf8 12. f4 Qc7 13. c5 exf4 14. Bxf4 Nh5 15. Bxd6
Bxd6 16. cxd6 Qxd6 17. e5 Qc7 18. Ne4 Nxe5 19. dxe5 Qxe5 20. Qd4 Qc7 21. Nf4
Nxf4 22. Rxf4 Be6 23. Raf1 Rad8 24. Qc3 Bd5 25. Rg4 Re5 26. Nf6+ 1-0

[Event "Druga liga Srbije grupa Vojvod"]
[Site "Sombor"]
[Date "2009.10.02"]
[Round "9.5"]
[White "Kotrla, Stefan"]
[Black "Radlovacki, Jovan"]
[Result "0-1"]
[WhiteElo "1923"]
[BlackElo "2379"]
[PlyCount "94"]
[EventDate "2009.09.27"]

1. c4 Nf6 2. Nc3 e6 3. g3 d5 4. d4 c5 5. cxd5 cxd4 6. Qa4+ Qd7 7. Qxd4 Nc6 8.
Qd1 Nxd5 9. Bd2 Nb6 10. b3 Be7 11. Bg2 O-O 12. Nf3 Bf6 13. Rc1 Rd8 14. O-O Nd5
15. Nxd5 Qxd5 16. Qc2 Qh5 17. Bc3 e5 18. Rfd1 Bf5 19. Qb2 Bg4 20. h3 Bxh3 21.
Bxh3 Qxh3 22. Nxe5 Bxe5 23. Bxe5 f6 24. Bc3 h5 25. Qc2 h4 26. Qg6 hxg3 27. Qxg3
Qxg3+ 28. fxg3 Kf7 29. Kf2 Ke6 30. e3 Rac8 31. Kf3 a6 32. Bd4 Rd5 33. Bb2 Rcd8
34. Rxd5 Rxd5 35. Rc2 Rd1 36. Ba3 Ne5+ 37. Kg2 Nd3 38. Kh3 Rh1+ 39. Kg4 Ne5+
40. Kf4 g5+ 41. Ke4 Rd1 42. g4 Nxg4 43. Rc7 f5+ 44. Kf3 Ne5+ 45. Ke2 Ra1 46.
Rc2 Rh1 47. Rc7 Rh2+ 0-1

[Event "Druga liga Srbije grupa Vojvod"]
[Site "Sombor"]
[Date "2009.10.02"]
[Round "9.6"]
[White "Jesenski, Tibor"]
[Black "Solodovnichenko, Yuri"]
[Result "0-1"]
[WhiteElo "2289"]
[BlackElo "2601"]
[PlyCount "68"]
[EventDate "2009.09.27"]

1. d4 Nf6 2. Nf3 c5 3. e3 g6 4. c4 Bg7 5. Be2 O-O 6. O-O cxd4 7. Nxd4 Nc6 8.
Nc3 Nxd4 9. Qxd4 d6 10. Rd1 Be6 11. Qh4 Rc8 12. Bd2 h5 13. Rac1 Ng4 14. Bxg4
Rxc4 15. Qg5 Rc5 16. Qf4 hxg4 17. Qb4 Qb6 18. Qxb6 axb6 19. b3 Rfc8 20. Na4
Rxc1 21. Rxc1 Rxc1+ 22. Bxc1 b5 23. Nb2 Bf5 24. b4 Bb1 25. a3 f5 26. Kf1 Be4
27. g3 Kf7 28. Ke2 Ke6 29. Kd2 Kd5 30. Ke2 Bb1 31. Kd2 Ke4 32. Ke2 Ba2 33. Nd1
Bb3 34. Nb2 Bc3 0-1

[Event "Druga liga Srbije grupa Vojvod"]
[Site "Sombor"]
[Date "2009.10.02"]
[Round "9.6"]
[White "Mozetic, Dejan"]
[Black "Pavlik, Goran"]
[Result "1-0"]
[WhiteElo "2421"]
[BlackElo "2202"]
[PlyCount "75"]
[EventDate "2009.09.27"]

1. c4 e6 2. Nf3 d5 3. e3 Nf6 4. b3 Be7 5. Bb2 O-O 6. d4 b6 7. Bd3 Bb7 8. O-O
Ne4 9. cxd5 exd5 10. Nc3 Nd7 11. Rc1 Ndf6 12. Ne2 c5 13. Ne5 Rc8 14. f3 Ng5 15.
Ng3 g6 16. Qe2 Ne6 17. f4 Qd6 18. Rcd1 Qc7 19. a3 Rce8 20. Rc1 Qd6 21. Rcd1 Qc7
22. Qf2 Rc8 23. Kh1 Rce8 24. Ne2 cxd4 25. exd4 Qd6 26. Ng3 Rc8 27. Qe3 Ng7 28.
f5 Rce8 29. Qh6 Ne4 30. Bxe4 dxe4 31. Nc4 Qd8 32. f6 Bxf6 33. Rxf6 Qxf6 34. d5
Qxb2 35. Nxb2 f5 36. Qf4 Rd8 37. d6 Rfe8 38. d7 1-0

[Event "Druga liga Srbije grupa Vojvod"]
[Site "Sombor"]
[Date "2009.10.02"]
[Round "9.6"]
[White "Tancik, Kristijan"]
[Black "Miranovic, Rajko"]
[Result "1/2-1/2"]
[WhiteElo "2251"]
[BlackElo "2385"]
[PlyCount "62"]
[EventDate "2009.09.27"]

1. d4 d5 2. c4 e6 3. Nc3 Nf6 4. Nf3 Be7 5. Bf4 O-O 6. e3 c5 7. dxc5 Bxc5 8.
cxd5 exd5 9. Be2 Nc6 10. O-O Bf5 11. Nb5 Bg6 12. Rc1 Bb6 13. Bg5 Re8 14. Nfd4
h6 15. Bh4 Nxd4 16. Nxd4 Qd6 17. Bg3 Qb4 18. Qb3 Qxb3 19. Nxb3 d4 20. Bb5 Red8
21. exd4 a6 22. Bc4 Bxd4 23. Nxd4 Rxd4 24. Be5 Rd7 25. Rfd1 Rad8 26. Rxd7 Rxd7
27. f3 Re7 28. Bc3 Rc7 29. Bb3 Nd7 30. Bd2 Rxc1+ 31. Bxc1 Nc5 1/2-1/2

[Event "Druga liga Srbije grupa Vojvod"]
[Site "Sombor"]
[Date "2009.10.02"]
[Round "9.6"]
[White "Stojanovic, Zoran"]
[Black "Guzsvany, Arpad"]
[Result "1-0"]
[WhiteElo "2266"]
[BlackElo "2130"]
[PlyCount "109"]
[EventDate "2009.09.27"]

1. d4 d5 2. c4 c6 3. Nc3 Nf6 4. cxd5 cxd5 5. Bf4 Nc6 6. e3 Bf5 7. Bb5 e6 8. Nf3
Be7 9. Ne5 Qb6 10. O-O O-O 11. Bxc6 bxc6 12. Na4 Qb5 13. Rc1 Rfc8 14. Bg5 c5
15. dxc5 Bxc5 16. Nxc5 Rxc5 17. Rxc5 Qxc5 18. Bxf6 gxf6 19. Nf3 e5 20. Nh4 Bg6
21. Qf3 Qd6 22. Nf5 Bxf5 23. Qxf5 Qb6 24. b3 Rd8 25. h3 Qe6 26. Qxe6 fxe6 27.
Rc1 d4 28. Kf1 d3 29. e4 Rd4 30. Rc4 Rd6 31. Ke1 f5 32. Kd2 a6 33. f3 Kf7 34.
Rc3 fxe4 35. fxe4 Rd4 36. Rxd3 Rxe4 37. Rd7+ Kf6 38. Rxh7 a5 39. Ra7 Rd4+ 40.
Ke3 Rb4 41. Rc7 Rb5 42. Rc4 Rd5 43. h4 Kf5 44. g4+ Kf6 45. Ke2 Kg6 46. a3 Rb5
47. b4 axb4 48. axb4 Rb8 49. Kd3 Rh8 50. h5+ Kf6 51. b5 Rb8 52. Rb4 Rb7 53. b6
Kg5 54. Ke4 Kf6 55. Rb1 1-0

[Event "Druga liga Srbije grupa Vojvod"]
[Site "Sombor"]
[Date "2009.10.02"]
[Round "9.6"]
[White "Gabric, Goran"]
[Black "Rogac, Srdjan"]
[Result "0-1"]
[WhiteElo "2116"]
[BlackElo "2289"]
[PlyCount "74"]
[EventDate "2009.09.27"]

1. e4 c5 2. Nc3 Nc6 3. d3 g6 4. Be3 d6 5. Qd2 Bg7 6. g3 Nd4 7. Bg2 e6 8. Nd1
Nf6 9. Ne2 Ng4 10. Bxd4 cxd4 11. h3 Nf6 12. Nxd4 O-O 13. O-O Qb6 14. Nb3 e5 15.
Ne3 Be6 16. Nd5 Bxd5 17. exd5 a5 18. a4 Rfc8 19. Rfc1 h5 20. Qe3 Qd8 21. Nd2
Rc5 22. Nb3 Rcc8 23. Nd2 Rc5 24. Nc4 Rac8 25. c3 Kh7 26. b4 Bh6 27. Qe1 Rxc4
28. dxc4 Bxc1 29. Rxc1 Rxc4 30. Qe2 Qc7 31. Qf3 Kg7 32. bxa5 Rxa4 33. c4 Rxa5
34. Qb3 Rc5 35. Rb1 Rxc4 36. Qxb7 Qc5 37. Rb5 Rc1+ 0-1

[Event "Druga liga Srbije grupa Vojvod"]
[Site "Sombor"]
[Date "2009.10.02"]
[Round "9.6"]
[White "Jovic, Stevan"]
[Black "Cabarkapa, Novak"]
[Result "1-0"]
[WhiteElo "2284"]
[BlackElo "2033"]
[PlyCount "123"]
[EventDate "2009.09.27"]

1. d4 Nf6 2. c4 g6 3. Nc3 Bg7 4. e4 d6 5. Be2 O-O 6. Nf3 e5 7. O-O Nc6 8. d5
Ne7 9. Ne1 Ne8 10. Be3 f5 11. f3 f4 12. Bf2 g5 13. c5 h5 14. a4 Nf6 15. cxd6
cxd6 16. a5 g4 17. Nb5 gxf3 18. Bxf3 Bg4 19. Qb3 Bxf3 20. gxf3 Qd7 21. Kg2 a6
22. Na3 Nh7 23. h4 Bf6 24. Rh1 Kh8 25. Nc4 Nc8 26. Kf1 Bd8 27. Nd3 Na7 28. Nxd6
Qxd6 29. Qxb7 Qc7 30. Qxa8 Qc4 31. Ra3 Nb5 32. Qxa6 Nxa3 33. Qxc4 Nxc4 34. a6
Ne3+ 35. Ke2 Bb6 36. Nxe5 Rc8 37. Bxe3 fxe3 38. Kd3 Nf6 39. Nc4 Ba7 40. Nxe3
Nd7 41. Ke2 Nc5 42. Rc1 Rb8 43. Nc4 Rg8 44. Ne3 Rb8 45. Rc2 Nxa6 46. d6 Nb4 47.
Rc7 Bb6 48. Rc4 Bd8 49. e5 Na6 50. Kd3 Kg7 51. e6 Kf6 52. e7 Bxe7 53. dxe7 Kxe7
54. b4 Kd6 55. Kc3 Re8 56. Nf5+ Kd7 57. b5 Nc7 58. Rd4+ Ke6 59. Ng7+ Kf7 60.
Rd7+ Re7 61. Rxe7+ Kxe7 62. Kc4 1-0